| 000 | 00454nam a2200181Ia 4500 | ||
|---|---|---|---|
| 001 | 46923 | ||
| 008 | 140429s9999 xx 000 0 und d | ||
| 020 | _aNA | ||
| 040 | _cPK-LaUMT | ||
| 082 |
_aRHC 891.554 _bZIA-M |
||
| 100 | _aZia Ahmed Badayni | ||
| 245 |
_aMasaalik-o- manaazil (Persian) _cZia Ahmed Badayni |
||
| 260 |
_aNew Delhi,India: _bMaktaba Jamia, _c1975 |
||
| 300 | _a381 p | ||
| 546 | _aPersian | ||
| 650 | _aFaris essays | ||
| 942 | _cBK | ||
| 999 |
_c44872 _d44872 |
||